LEADER 03087nam 2200649 a 450 001 9910782488503321 005 20230617035938.0 010 $a0-19-756200-0 010 $a9786610704033 010 $a1-280-70403-9 010 $a0-19-803614-0 035 $a(CKB)1000000000555976 035 $a(EBL)422832 035 $a(OCoLC)437109376 035 $a(SSID)ssj0000303391 035 $a(PQKBManifestationID)11265545 035 $a(PQKBTitleCode)TC0000303391 035 $a(PQKBWorkID)10275705 035 $a(PQKB)11369955 035 $a(MiAaPQ)EBC422832 035 $a(StDuBDS)EDZ0002341704 035 $a(Au-PeEL)EBL422832 035 $a(CaPaEBR)ebr10273222 035 $a(CaONFJC)MIL70403 035 $a(PPN)273243985 035 $a(EXLCZ)991000000000555976 100 $a20020419d2003 uy 0 101 0 $aeng 135 $aur|n|---||||| 181 $ctxt 182 $cc 183 $acr 200 10$aModeling extinction$b[electronic resource] /$fM.E.J. Newman, R.G. Palmer 210 $aOxford ;$aNew York $cOxford University Press$d2003 215 $a1 online resource (115 p.) 225 1 $aSanta Fe Institute studies in the sciences of complexity 300 $aPreviously issued in print: 2003. 311 $a0-19-515945-4 311 $a0-19-515946-2 320 $aIncludes bibliographical references (p. 85-93) and index. 327 $aContents; Preface; CHAPTER 1 Extinction in the Fossil Record; CHAPTER 2 Fitness Landscape Model; CHAPTER 3 Self-Organized Critical Models; CHAPTER 4 Interspecies Connection Models; CHAPTER 5 Environmental Stress Models; CHAPTER 6 Non-Equilibrium Models; CHAPTER 7 Summary; References; Index 330 8 $aDeveloped after a meeting at the Santa Fe Institute on extinction modeling, this text comments critically on the various modeling approaches. In the last decade or so, scientists have started to examine a new approach to the patterns of evolution and extinction in the fossil record. This approach may be called 'statistical paleontology,' since it looks at large-scale patterns in the record and attempts to understand and model their average statistical features, rather than their detailed structure. Examples of the patterns these studies examine are the distribution of the sizes of mass extinction events over time, the distribution of species lifetimes, or the apparent increase in the number of species alive over the last half a billion years. 410 0$aProceedings volume in the Santa Fe Institute studies in the sciences of complexity. 606 $aExtinction (Biology)$xStatistical methods 606 $aExtinction (Biology)$xMathematical models 615 0$aExtinction (Biology)$xStatistical methods. 615 0$aExtinction (Biology)$xMathematical models. 676 $a576.8/4 700 $aNewman$b M. E. J$g(Mark E. J.)$0447841 701 $aPalmer$b Richard G$062769 801 0$bMiAaPQ 801 1$bMiAaPQ 801 2$bMiAaPQ 906 $aBOOK 912 $a9910782488503321 996 $aModeling extinction$93697078 997 $aUNINA